000 00625nam a2200169Ia 4500
008 090711s9999 xx 000 0 und d
082 _b66222
100 _aजायस्वाल जयनारायण
245 _aडोकेदु:खी व्यथा आणि कथा
260 _c1990
300 _a42
600 _aजायस्वाल जयनारायण
630 _aडोकेदु:खी व्यथा आणि कथा
700 _aजायस्वाल जयनारायण
730 _aडोकेदु:खी व्यथा आणि कथा
942 _cBOOK
999 _c309256
_d309256